Industrial Engineering And Management (Record no. 323568)

MARC details
000 -LEADER
fixed length control field 00451nam a2200157Ia 4500
008 - FIXED-LENGTH DATA ELEMENTS--GENERAL INFORMATION
fixed length control field 230718s9999 xx 000 0 und d
041 ## - LANGUAGE CODE
Language code of text/sound track or separate title eng
082 ## - DEWEY DECIMAL CLASSIFICATION NUMBER
Classification number 658.5
Item number EKA
100 ## - MAIN ENTRY--PERSONAL NAME
Personal name Ekatpure A.M.
245 ## - TITLE STATEMENT
Title Industrial Engineering And Management
260 ## - PUBLICATION, DISTRIBUTION, ETC. (IMPRINT)
Date of publication, distribution, etc. 2009
Name of publisher, distributor, etc. Tech-Max Publications
300 ## - PHYSICAL DESCRIPTION
Extent 146
365 ## - TRADE PRICE
Currency code Rs.
Price amount 175.00
700 ## - ADDED ENTRY--PERSONAL NAME
Personal name Ekatpure A.M. & Salunke N.S.
9 (RLIN) 190740
906 ## - LOCAL DATA ELEMENT F, LDF (RLIN)
d O:0047114-Jan-2010B:217327-Jul-2009
c MECH
b 26.25
Holdings
Withdrawn status Lost status Damaged status Not for loan Home library Current library Date acquired Vendor Budget Code Cost, normal purchase price Bill number Total Checkouts Full call number Barcode Checked out Date last seen Date last checked out Discount Cost, replacement price Bill Date Koha item type Original Barcode
        Cummins College of Engineering for Women Pune Cummins College of Engineering for Women Pune 14/01/2010 Om Book Stall MECH 148.75 2173 1 658.5 CCEP-BK-34775 10/06/2026 14/05/2026 14/05/2026 26.25 175.00 27/07/2009 Books 034775